00317nam a2200133Ia 4500003000400000008004100004020002200045040000800067100001800075245004300093260002600136300001000162365001100172LDD181029s9999 xx 000 0 und d a761935118c795.00 cLDD aKumar, Girish 0aLocal Democracy In IndiacGirish Kumar aNew DelhibSagec2006 a326p. b795.00